| 000 | 01397cam a2200229 4500 | ||
|---|---|---|---|
| 001 | L130190 | ||
| 008 | 050701n2005 000 0 eng u | ||
| 020 | _a0110729773 | ||
| 035 | _a(Sirsi) u130190 | ||
| 041 | _aeng | ||
| 245 | 4 | _aThe Home Loss Payments (Prescribed Amounts) (England) Regulations 2005 | |
| 260 |
_aLondon _bTSO _c2005 |
||
| 490 |
_aSI _v2005:1635 |
||
| 520 | _aIncreases the amount of home loss payments payable under s30 of the Land Compensation Act 1973 and formerly prescribed in the Home Loss Payments (Prescribed Amounts)(England) Regulations 2004. A person is entitled to a home loss payment when he is displaced from a dwelling by compulsory purchase or in the other circumstances specified in s29 of the Act as last amended by the Planning and Compulsory Purchase Act 2004. The revised amounts apply where the displacement occurs on or after 1st September 2005. | ||
| 590 | _aIKA190705 | ||
| 650 | _aHOME LOSS PAYMENTS (PRESCRIBED AMOUNTS) (ENGLAND) REGULATIONS 2005 | ||
| 650 | _aLAND COMPENSATION ACT 1973 S30 | ||
| 650 | _aHOME LOSS PAYMENTS (PRESCRIBED AMOUNTS) (ENGLAND) REGULATIONS 2004 | ||
| 690 | _aENVIRONMENTAL AND LAND CONSULTANCY-PLANNING AND DEVELOPMENT-COMPULSORY PURCHASE AND COMPENSATION | ||
| 856 |
_uhttps://www.legislation.gov.uk/uksi/2005/1635/contents/made _zView the Regulations free of charge at www.legislation.gov.uk... |
||
| 942 | _n0 | ||
| 999 |
_c104390 _d104390 |
||